Finales des Coupes du Monde de Football (click quiz) - Statistiques

Statistiques générales
  • Ce quiz a été pris 224 fois
  • Le résultat moyen est 13 sur 22
Statistiques - réponses
Hint Réponse % Correct
2022 Argentine - France 3-3 ap (4-2 tab)
91%
2018 France - Croatie 4-2
89%
1998 France - Brésil 3-0
88%
2014 Allemagne - Argentine 1-0 ap
86%
2010 Espagne - Pays-Bas 1-0 ap
84%
2006 Italie - France 1-1 (5-3 tab)
83%
2002 Brésil - Allemagne 2-0
71%
1930 Uruguay - Argentine 4-2
71%
1950 Uruguay - Brésil 2-1
69%
1966 Angleterre - RFA 4-2 ap
66%
1986 Argentine - RFA 3-2
55%
1994 Brésil - Italie 0-0 ap (3-2 tab)
52%
1958 Brésil - Suède 5-2
52%
1978 Argentine - Pays-Bas 3-1 ap
46%
1938 Italie - Hongrie 4-2
43%
1982 Italie - RFA 3-1
41%
1970 Brésil - Italie 4-1
39%
1962 Brésil - Tchécolsovaquie 3-1
39%
1974 RFA - Pays-Bas 2-1
37%
1954 RFA - Hongrie 3-2
35%
1990 RFA - Argentine 1-0
33%
1934 Italie - Tchécoslovaquie 2-1 ap
32%
Aucun quiz correspondant
Distribution des résultats
% des personnes avec chaque résultat
Percentile par nombre de réponses
Votre historique - résultats
Vous n’avez pas pris ce quiz